000
00388nam a22001577a 4500
003
MPLRDC
005
20220104142522.0
008
210129b ||||| |||| 00| 0 eng d
082
_a
738.3264 SHL
100
_a
施华伦
245
_a
三十年动乱越南
_c
李诰译
260
_a
_b
现代出版公司
_c
300
_b
平
650
_a
东南亚--越南
942
_c
BK
_o
738.3264 SHL
999
_c
31530
_d
31520